000 00767nam a2200229Ia 4500
003 GCL
008 140319s9999 xx 000 0 ara d
020 _a7404501977
040 _aGCL /
_cGCL
082 0 4 _a155.23
_bل ق
100 1 _aلويس كامل مليكة
245 1 0 _aقراءات علم النفس الاجتماعى /
_cلويس كامل مليكة
260 _aالقاهرة :
_bالهيئة المصرية العامة للكتاب ،
_c1994
300 _aمج6 (591 ص) ؛
_c24 سم
490 _a
650 0 4 _aالتحليل النفسى
650 0 4 _aعلم النفس التربوى
650 0 4 _aالتفكير
650 0 4 _aعلم النفس الاجتماعى
650 0 4 _aعلم النفس الارتقائى
942 _2ddc
_cBK
999 _c33186
_d33186